Agua no, caballero; me hace mal : cinco notas sobre En el regazo de Belcebú, de Cristián Geisse

Nota de lectura de Cristián Geisse, acerca de su libro Perro de Puerto.

Bibliographic Details
Main Author: Álvarez, Ignacio
Format: Libro electronico
Language:Spanish
Subjects:
Online Access:Acceso electrónico al documento

MARC

LEADER 00000cam a2200000 a 4500
001 003803
003 UAHC_CL
005 20250903201749.0
008 250903s2012 cl 000 spa
040 |a UAHC_CL  |c UAHC_CL  |d UAHC_CL 
100 |a Álvarez, Ignacio  |9 22243 
245 1 0 |a Agua no, caballero; me hace mal :  |b cinco notas sobre En el regazo de Belcebú, de Cristián Geisse  |c Ignacio Álvarez. 
264 |a Santiago, Chile :  |b Universidad Alberto Hurtado,  |c 2012. 
520 |a Nota de lectura de Cristián Geisse, acerca de su libro Perro de Puerto. 
600 0 |a Geisse, Cristián.  |9 22244 
650 0 |a Literatura chilena  |9 237 
856 |y Acceso electrónico al documento  |u https://letrasenlinea.uahurtado.cl/agua-no-caballero-me-hace-mal-cinco-notas-sobre-en-el-regazo-de-belcebu-de-cristian-geisse/ 
942 |c LE  |2 ddc 
952 |0 0  |1 0  |2 ddc  |4 0  |6 RECURSO_ELECTRÓNICO  |7 0  |8 COMP  |9 101272  |a BR  |b BR  |c Digital  |d 2025-09-03  |l 0  |o Recurso electrónico  |r 2025-09-03 20:18:24  |w 2025-09-03  |y RL  |B LENG 
999 |c 62997  |d 62997